Vezérszerep helyett bitófa. Zichy Ödön gróf politikai metamorfózisa

Elmentve itt :
Bibliográfiai részletek
Szerző: Melkovics Tamás
További közreműködők: Zichy Ödön
Dokumentumtípus: Cikk
Megjelent: 2016
Sorozat:Aetas 31 No. 1
Kulcsszavak:Politikai per - Magyarország - 1848, Zichy Ödön életrajza, Politikai élet - Magyarország - reformkor
Online Access:http://acta.bibl.u-szeged.hu/40226
LEADER 00759nab a2200205 i 4500
001 acta40226
005 20210422122422.0
008 170210s2016 hu o 0|| hun d
022 |a 0237-7934 
040 |a SZTE Egyetemi Kiadványok Repozitórium  |b hun 
041 |a hun 
041 |a eng 
100 1 |a Melkovics Tamás 
245 1 0 |a Vezérszerep helyett bitófa. Zichy Ödön gróf politikai metamorfózisa  |h [elektronikus dokumentum] /  |c  Melkovics Tamás 
260 |c 2016 
300 |a 132-153 
490 0 |a Aetas  |v 31 No. 1 
695 |a Politikai per - Magyarország - 1848, Zichy Ödön életrajza, Politikai élet - Magyarország - reformkor 
700 0 1 |a Zichy Ödön 
856 4 0 |u http://acta.bibl.u-szeged.hu/40226/1/aetas_2016_001_132-153.pdf  |z Dokumentum-elérés